REPRODUCTIVE RIGHTS OF WOMEN IN INDIA (Record no. 32450)

MARC details
000 -LEADER
fixed length control field 00234nam a22001097a 4500
003 - CONTROL NUMBER IDENTIFIER
control field SGT
082 ## - DEWEY DECIMAL CLASSIFICATION NUMBER
Classification number 346.0134
Item number R24R
100 ## - MAIN ENTRY--PERSONAL NAME
Personal name RAI AKANSHA
245 ## - TITLE STATEMENT
Title REPRODUCTIVE RIGHTS OF WOMEN IN INDIA
653 ## - KEYWORDS--INDEX TERM
Keyword term PHD(LAW)
942 ## - ADDED ENTRY ELEMENTS (KOHA)
Source of classification or shelving scheme Dewey Decimal Classification
Koha item type Thesis/Dissertation
Holdings
Withdrawn status Lost status Source of classification or shelving scheme Damaged status Not for loan Collection code Home library Current library Date acquired SGTU Total Checkouts Full call number Accession No. (Barcode) Date last seen Bill Date Koha item type
    Dewey Decimal Classification   Not For Loan LAW SGT Science & Social Sciences Library SGT Science & Social Sciences Library 26/08/2025 SGTU   346.0134 R24R DT2243 26/08/2025 26/08/2025 Thesis/Dissertation